LEADER 00991nam a2200205 i 4500 001 000000251802 003 CaOOAMICUS 005 20161201000000.0 008 161201s1804 it u000 u ita u 013 $a230707 026 $ai.or e-zo I.I. l'ta (3) 1804 (R) 040 $aSeMil$bita 245 10$aTomo 6. 300 $aXVI, 378, [2] p. 500 $aContiene: Pompeo Neri, Osservazioni sul prezzo legale delle monete e Appendice alle osservazioni. - Segn.: pg8 A-Z8 2A6 (2A6 bianca). 773 0 $tScrittori classici italiani di economia politica.$dMilano : Nella Stamperia e Fondria di G. G. Destefanis, a san Zeno n. 534, 1803-1816.$g13$w()33494 773 0 $tScrittori classici italiani di economia politica. Parte antica.$dMilano : Nella Stamperia e Fonderia di G. G. Destefanis, a san Zeno n. 534, 1803-1804.$g6$w()33498 850 $aSeMil 852 $aSeMil$W1$xVenegono$y1$m3M II 47 FA$j202148$B202148$CSeMilBibl$Z2$F214766 $8I 996 $6245$aTomo 6$9(OLS)http://semarc/title/194410 LEADER 01021nam a2200241 i 4500 001 000000085006 003 CaOOAMICUS 005 20251107114441.0 008 170724s1976 it u000 u ita u 013 $a57246 040 $aSeMil$bita 100 1 $aMauro, Letterio,$d<1948- >.$0(OLS)http://semarc/name/19780 245 10$aBonaventura Da Bagnoregio :$bdalla Philosophia alla Contemplatio /$cLetterio Mauro. 260 $aGenova :$bAccademia ligure di scienze e lettere,$c1976. 300 $a234 p. ;$c24 cm. 490 0 $aCollana di monografie ;$v2. 830 0$aCollana di monografie ;$v2.$0(OLS)http://semarc/title/20725 850 $aSeMil 852 $aSeMil$W1$xVenegono$y1$m2P VI 238$j49161$B49161$CSeMilBibl$Z2$F52605 $81 961 $aOmaggio: Brambilla don Paolo 996 $6245$aBonaventura Da Bagnoregio :$bdalla Philosophia alla Contemplatio$9(OLS)http://semarc/title/405654 996 $6260$aGenova :$bAccademia ligure di scienze e lettere$9(OLS)http://semarc/publisher/56047